| 000 | 00756nam a2200241 i 4500 | ||
|---|---|---|---|
| 001 | 9289 | ||
| 003 | ES-MaACL | ||
| 005 | 20250801063011.0 | ||
| 007 | t| | ||
| 008 | 930721s1991 mx ||||1| spa d | ||
| 020 | _a968-6664-49-2 | ||
| 080 | _a016:92 Quiroga, Vasco de | ||
| 080 | _a92 Quiroga, Vasco de:016 | ||
| 100 | 1 |
_aZavala, Silvio, _d1909-2014 _9118108 |
|
| 245 | 1 | 0 |
_aEnsayo bibliográfico en torno de Vasco de Quiroga / _cSilvio Zavala. |
| 250 | _a1 ed. | ||
| 260 |
_aMéxico : _bEl Colegio Nacional, _c1991. |
||
| 300 |
_a209 p. ; _c22 cm. |
||
| 600 | 1 | 4 |
_aQuiroga, Vasco de, _d1470?-1565- _xBibliografías _994778 |
| 710 | 2 |
_aColegio Nacional (México) _92941 |
|
| 852 |
_aES-MaACL _jL-16570 _bR.120792 |
||
| 999 |
_c9289 _d9289 |
||